00370nam a2200133Ia 4500008004100000020003000041082002200071100001700093245001800110260003400128300003000162650002200192852002200214190805s9999||||xx |||||||||||||| ||und|| a9788126464135cRs. 200.0004a894.812092bM26481 aMadhavikutty10aEnte Katha /  aKottayam : bD C Books,c2019 a197 p.b : ill.c; 21 cm. 0aMalayalam fiction aIMU Kochi Library